<?xml version="1.0" encoding="UTF-8"?>
<marc:record xmlns:marc="http://www.loc.gov/MARC21/slim">
   <marc:leader>00000nam a2200000 a 4500</marc:leader>
   <marc:datafield ind1="1" ind2=" " tag="100">
      <marc:subfield code="a">Lalgudi, Sujatha</marc:subfield>
      <marc:subfield code="4">aut</marc:subfield>
      <marc:subfield code="e">Verfasser/-in</marc:subfield>
   </marc:datafield>
   <marc:datafield ind1=" " ind2=" " tag="653">
      <marc:subfield code="a">Japanisch / Bilderbuch</marc:subfield>
   </marc:datafield>
   <marc:datafield ind1=" " ind2=" " tag="653">
      <marc:subfield code="a">Englisch / Bilderbuch</marc:subfield>
   </marc:datafield>
   <marc:datafield ind1="0" ind2="0" tag="245">
      <marc:subfield code="a">Peekaboo baby</marc:subfield>
   </marc:datafield>
   <marc:datafield ind1="0" ind2="0" tag="245">
      <marc:subfield code="b">Englisch-Japanisch</marc:subfield>
   </marc:datafield>
   <marc:datafield ind1="0" ind2="0" tag="245">
      <marc:subfield code="c">Lalgudi, Sujatha</marc:subfield>
   </marc:datafield>
   <marc:datafield ind1=" " ind2="1" tag="264">
      <marc:subfield code="c">2015</marc:subfield>
   </marc:datafield>
   <marc:datafield ind1="1" ind2=" " tag="520">
      <marc:subfield code="a">Bilingual English Japanese Picture Book for Babies (Ages 3-6) (Parallel Text)&#xD;
This is a lovely and cheerful bilingual picture book for Toddlers! This book is designed for kids/beginners who are learning Japanese as a foreign language. Are you are looking for a book to teach your child to point to his/her nose, eyes, ears etc? Then, this toddler book might work for you. Beautifully illustrated, an adorable baby in each page will make learning a fun game to play. Children (Ages 1 &#x96; 3) have to find the baby&#x92;s eyes, ears, nose etc in each page: They are partly hidden in the page for your child to discover! Ask your child to show  his/her ears/eyes etc are! This book is ideal for reading aloud to your child. Early readers (Ages 4 - 6 years) can  this book to practice their reading skills!! This picture book encourages children to name the parts of the body  eyes, ears, nose etc. This is a cute book with full length illustrations. Beginning readers will enjoy reading the simple sentence on each page. The highlights of this wonderful concept book for children are: &#x95;Cheerful full length illustrations&#xD;
&#x95;Simple sentences&#xD;
&#x95;Learning about parts of the body</marc:subfield>
   </marc:datafield>
   <marc:datafield ind1=" " ind2=" " tag="020">
      <marc:subfield code="a">9781514234730</marc:subfield>
      <marc:subfield code="9">9781514234730</marc:subfield>
   </marc:datafield>
   <marc:datafield ind1=" " ind2=" " tag="020">
      <marc:subfield code="a">1514234734</marc:subfield>
      <marc:subfield code="9">1514234734</marc:subfield>
   </marc:datafield>
   <marc:datafield ind1=" " ind2=" " tag="300">
      <marc:subfield code="b">m. zahl. bunten Bild.</marc:subfield>
   </marc:datafield>
   <marc:datafield ind1=" " ind2=" " tag="338">
      <marc:subfield code="a">Band</marc:subfield>
   </marc:datafield>
   <marc:datafield ind1=" " ind2=" " tag="300">
      <marc:subfield code="a">24 S.</marc:subfield>
   </marc:datafield>
</marc:record>
